[Event "AUTO-ELITE-320"]
[Site "http://www.queenalice.com/game.php?id=608393"]
[Date "2009.6.24"]
[Round "2"]
[White "Panter"]
[Black "grimbeger"]
[Result "0-1"]
[WhiteElo "2314"]
[BlackElo "2431"]

1. e4 c5 2. Nf3 d6 3. d4 cxd4 4. Nxd4 Nf6 5. Nc3 a6 6. Bg5 e6 7. Qf3 Nbd7 8.
O-O-O Qc7 9. Qg3 Be7 10. Be3 b5 11. f3 b4 12. Nce2 g6 13. Kb1 e5 14. Nb3 a5 15.
c4 a4 16. Nd2 Nc5 17. Nc1 O-O 18. Nd3 b3 19. a3 Nh5 20. Qf2 Nxd3 21. Bxd3 Be6
22. g4 Nf4 23. Bxf4 exf4 24. h4 Bf6 25. g5 Bg7 26. h5 Rfd8 27. Rh2 Qa5 28. hxg6
hxg6 29. Rdh1 Qe5 30. Nf1 d5 0-1

[Event "AUTO-ELITE-320"]
[Site "http://www.queenalice.com/game.php?id=608394"]
[Date "2009.6.24"]
[Round "2"]
[White "grimbeger"]
[Black "Panter"]
[Result "1-0"]
[WhiteElo "2434"]
[BlackElo "2323"]

1. c4 e5 2. Nc3 Nc6 3. g3 Nf6 4. Bg2 Bc5 5. e3 O-O 6. Nge2 d6 7. O-O Bb6 8. d3
Bf5 9. h3 Re8 10. a3 Qd7 11. g4 Bg6 12. f4 exf4 13. Nxf4 Bxe3+ 14. Bxe3 Rxe3 15.
g5 Ne8 16. Qd2 Re5 17. Nxg6 hxg6 18. d4 Rf5 19. Rxf5 gxf5 20. Re1 Nd8 21. Qf2 c6
22. Qxf5 Qxf5 23. Rxe8+ Kh7 24. Be4 Qg6 25. Bxg6+ Kxg6 26. Ne4 1-0

[Event "AUTO-ELITE-352"]
[Site "http://www.queenalice.com/game.php?id=631084"]
[Date "2009.8.5"]
[Round "2"]
[White "Danton"]
[Black "grimbeger"]
[Result "0-1"]
[WhiteElo "2498"]
[BlackElo "2499"]

1. d4 Nf6 2. c4 g6 3. Nf3 Bg7 4. Nc3 O-O 5. e4 d6 6. Be2 e5 7. dxe5 dxe5 8. O-O
Nbd7 9. Qc2 c6 10. Be3 Qc7 11. h3 Re8 12. Rfd1 Nf8 13. Bc5 N6d7 14. Bd6 Qd8 15.
b4 Qf6 16. b5 Ne6 17. bxc6 bxc6 18. Qa4 Nd4 19. c5 Nb6 20. Qb4 Nd7 21. Rab1 Nf8
22. Nxd4 exd4 23. e5 Rxe5 24. Qxd4 Bf5 25. Rbc1 Ree8 26. Qxf6 Bxf6 27. Bf3 Rac8
28. g4 Be6 29. Ne4 Be7 30. Bxe7 Rxe7 31. Nd6 Rcc7 32. a3 Nd7 33. Kh2 a5 34. a4
f6 35. Rc3 Ba2 36. Rd2 Bf7 37. Bg2 Kg7 38. Be4 Nb8 39. Bd3 Bd5 40. Bc4 Bxc4 41.
Nxc4 Ra7 42. Rd8 Nd7 43. Nb6 Rb7 44. Nxd7 Rexd7 45. Ra8 Ra7 46. Rd3 g5 47. Kg2
Rxd3 48. Rxa7+ Kg6 49. Rxa5 Rc3 0-1

[Event "AUTO-ELITE-352"]
[Site "http://www.queenalice.com/game.php?id=631085"]
[Date "2009.8.5"]
[Round "2"]
[White "grimbeger"]
[Black "Danton"]
[Result "1-0"]
[WhiteElo "2445"]
[BlackElo "2466"]

1. c4 Nf6 2. d4 c5 3. d5 g6 4. Nc3 Bg7 5. e4 O-O 6. Nf3 d6 7. h3 a6 8. a4 Qa5 9.
Bd2 Nbd7 10. Bd3 Ne8 11. O-O Ne5 12. Bg5 Bf6 13. Bxf6 Nxf3+ 14. Qxf3 Nxf6 15.
Qe3 Nd7 16. f4 f6 17. h4 Rf7 18. h5 gxh5 19. Qe2 Qb4 20. Rf2 Nf8 21. Qxh5 Bd7
22. e5 fxe5 23. Raf1 e4 24. Nxe4 Qb3 25. Qe2 Qb4 26. f5 1-0

[Event "AUTO-ELITE-301"]
[Site "http://www.queenalice.com/game.php?id=634507"]
[Date "2009.8.11"]
[Round "2"]
[White "puddschini"]
[Black "grimbeger"]
[Result "1/2-1/2"]
[WhiteElo "2458"]
[BlackElo "2506"]

1. e4 e5 2. Nf3 Nc6 3. Bb5 a6 4. Ba4 Nf6 5. O-O Be7 6. Re1 b5 7. Bb3 d6 8. c3
O-O 9. h3 Na5 10. Bc2 c5 11. d4 Qc7 12. Nbd2 cxd4 13. cxd4 Nc6 14. Nb3 a5 15.
Be3 a4 16. Nbd2 Bd7 17. Rc1 Qb7 18. d5 Nb4 19. Bb1 Rfc8 20. Qe2 Bd8 21. a3 Na6
22. Bd3 g6 23. b3 Rxc1 24. Rxc1 axb3 25. Nxb3 Bb6 26. Ne1 b4 27. axb4 Bxe3 28.
Qxe3 Nxb4 29. Nd2 Nxd3 30. Nxd3 Bb5 31. Rb1 Ra3 32. Nc4 Rxd3 33. Qxd3 Bxc4 34.
Rxb7 Bxd3 35. Rb8+ Kg7 36. f3 Nxe4 37. fxe4 Bxe4 38. Rb6 Bxd5 39. Rxd6 Be6
1/2-1/2

[Event "AUTO-ELITE-301"]
[Site "http://www.queenalice.com/game.php?id=634508"]
[Date "2009.8.11"]
[Round "2"]
[White "grimbeger"]
[Black "puddschini"]
[Result "1-0"]
[WhiteElo "2489"]
[BlackElo "2479"]

1. e4 e6 2. d4 d5 3. Nd2 Nf6 4. e5 Nfd7 5. c3 c5 6. Bd3 Nc6 7. Ne2 cxd4 8. cxd4
f6 9. exf6 Qxf6 10. Nf3 Bb4+ 11. Bd2 O-O 12. O-O e5 13. Qb3 Bxd2 14. Qxd5+ Kh8
15. Qe4 Qh6 16. Nxd2 exd4 17. Nb3 Nf6 18. Qf4 Qxf4 19. Nxf4 Ng4 20. Ne2 Nge5 21.
Be4 Rb8 22. Nexd4 1-0

[Event "AUTO-MASTER-748"]
[Site "http://www.queenalice.com/game.php?id=636226"]
[Date "2009.8.14"]
[Round "2"]
[White "grimbeger"]
[Black "Alligator427"]
[Result "1-0"]
[WhiteElo "2462"]
[BlackElo "2216"]

1. e4 c5 2. Nf3 d6 3. d4 cxd4 4. Nxd4 a6 5. Nc3 Nf6 6. Be3 e6 7. f3 Be7 8. Qd2
Nc6 9. O-O-O Bd7 10. g4 Qc7 11. g5 Ng8 12. Nxc6 Bxc6 13. h4 Rd8 14. Qf2 Rc8 15.
Bb6 Qb8 16. Kb1 Bd8 17. Bd4 e5 18. Ba7 Qc7 19. f4 b6 20. Bh3 Ra8 21. fxe5 dxe5
22. Rxd8+ Qxd8 23. Rd1 Qe7 24. Qxb6 Qxa7 25. Qxc6+ Kf8 26. Bc8 g6 27. Rd7 Qb8
28. Qc5+ Kg7 29. Qf2 1-0

[Event "AUTO-MASTER-748"]
[Site "http://www.queenalice.com/game.php?id=636227"]
[Date "2009.8.14"]
[Round "2"]
[White "Alligator427"]
[Black "grimbeger"]
[Result "0-1"]
[WhiteElo "2214"]
[BlackElo "2472"]

1. e4 c5 2. Nf3 d6 3. Bb5+ Bd7 4. Bxd7+ Qxd7 5. O-O Nc6 6. Re1 Nf6 7. c3 e6 8.
d3 Be7 9. Nbd2 O-O 10. Nf1 Ne5 11. Ne3 Rfd8 12. Qe2 Nc6 13. a4 Qc7 14. Nc4 d5
15. exd5 exd5 16. Nce5 Re8 17. Nxc6 Qxc6 18. Bf4 Nh5 19. Qd2 Nxf4 20. Qxf4 Bd6
21. Qf5 g6 22. Qg5 Kg7 23. Nh4 Bf8 24. Rxe8 Rxe8 25. Nf5+ Kg8 26. Ne3 d4 27.
cxd4 cxd4 28. Nc4 Qxa4 29. Rc1 Qc2 0-1

[Event "AUTO-MASTER-748"]
[Site "http://www.queenalice.com/game.php?id=636228"]
[Date "2009.8.14"]
[Round "2"]
[White "grimbeger"]
[Black "mad_knight"]
[Result "1-0"]
[WhiteElo "2454"]
[BlackElo "2076"]

1. e4 c5 2. Nf3 e6 3. d4 cxd4 4. Nxd4 Nf6 5. Nc3 Nc6 6. Ndb5 Bb4 7. a3 Bxc3+ 8.
Nxc3 d5 9. exd5 exd5 10. Bd3 O-O 11. O-O d4 12. Ne2 Bg4 13. Bg5 Qd6 14. Qd2 Bxe2
15. Qxe2 Rfe8 16. Qf3 Ne5 17. Qg3 Nh5 18. Qh3 Nxd3 19. Qxd3 Qe5 20. Bd2 Qf6 21.
Rfe1 Nf4 22. Bxf4 Qxf4 23. Qb5 b6 24. Rxe8+ Rxe8 25. Qxe8# 1-0

[Event "AUTO-MASTER-748"]
[Site "http://www.queenalice.com/game.php?id=636229"]
[Date "2009.8.14"]
[Round "2"]
[White "mad_knight"]
[Black "grimbeger"]
[Result "0-1"]
[WhiteElo "2085"]
[BlackElo "2453"]

1. e4 e5 2. Nf3 Nc6 3. Bb5 a6 4. Ba4 Nf6 5. O-O Be7 6. Re1 b5 7. Bb3 d6 8. c3
O-O 9. d4 Bg4 10. Be3 exd4 11. cxd4 Na5 12. Bc2 c5 13. h3 Bh5 14. Nbd2 cxd4 15.
Bxd4 Nc6 16. Be3 Re8 17. a4 d5 18. axb5 axb5 19. Rxa8 Qxa8 20. g4 Bg6 21. exd5
Bxc2 22. Qxc2 Nb4 0-1

[Event "AUTO-MASTER-748"]
[Site "http://www.queenalice.com/game.php?id=636230"]
[Date "2009.8.14"]
[Round "2"]
[White "grimbeger"]
[Black "Chris93"]
[Result "1-0"]
[WhiteElo "2477"]
[BlackElo "2168"]

1. e4 d5 2. exd5 Nf6 3. d4 Nxd5 4. Nf3 Bg4 5. Be2 Nc6 6. O-O e6 7. h3 Bf5 8. a3
Bd6 9. c4 Nb6 10. c5 Nd5 11. cxd6 cxd6 12. Re1 O-O 13. Nc3 Nxc3 14. bxc3 d5 15.
Bf4 a6 16. c4 dxc4 17. Bxc4 b5 18. Ba2 Re8 19. d5 exd5 20. Qxd5 h6 21. Qxf7+ Kh8
22. Rxe8+ Qxe8 23. Qxf5 1-0

[Event "AUTO-MASTER-748"]
[Site "http://www.queenalice.com/game.php?id=636231"]
[Date "2009.8.14"]
[Round "2"]
[White "Chris93"]
[Black "grimbeger"]
[Result "0-1"]
[WhiteElo "2161"]
[BlackElo "2475"]

1. e4 e5 2. Nf3 Nc6 3. Bb5 a6 4. Ba4 Nf6 5. O-O Be7 6. d4 exd4 7. Re1 b5 8. Bb3
d6 9. Nxd4 Nxd4 10. Qxd4 c5 11. Qe3 c4 12. Rd1 cxb3 13. Qxb3 Qc7 14. Re1 Be6 15.
Qd3 d5 16. Nc3 Ng4 17. exd5 Qxh2+ 18. Kf1 Qh4 19. Ne4 Rd8 20. d6 Bc4 0-1

[Event "AUTO-ELITE-305"]
[Site "http://www.queenalice.com/game.php?id=649701"]
[Date "2009.9.9"]
[Round "3"]
[White "Bergman"]
[Black "grimbeger"]
[Result "1/2-1/2"]
[WhiteElo "2799"]
[BlackElo "2465"]

1. e4 e5 2. Nf3 Nc6 3. Bb5 a6 4. Ba4 Nf6 5. O-O Be7 6. Re1 b5 7. Bb3 O-O 8. c3
d5 9. exd5 Nxd5 10. Nxe5 Nxe5 11. Rxe5 c6 12. d4 Bd6 13. Re1 Qh4 14. g3 Qh3 15.
Bxd5 cxd5 16. Qf3 Bf5 17. Qxd5 Rae8 18. Bd2 Bf4 19. Rxe8 Rxe8 20. Qc6 Bd7 21.
Qf3 Bg5 22. c4 Bf5 23. Qc6 Bd7 24. Qg2 Qh6 25. f3 Be3+ 26. Kh1 Bxd4 27. Nc3 Qe6
28. cxb5 axb5 29. h4 Bc6 30. Kh2 Qf5 31. Rf1 Qd3 32. Bf4 Bxc3 33. bxc3 h5 34.
Rf2 Qxc3 35. Rc2 Qd3 36. Rd2 Qxf3 37. Qxf3 Bxf3 38. Kg1 Be2 39. Kf2 Bc4 1/2-1/2

[Event "AUTO-ELITE-305"]
[Site "http://www.queenalice.com/game.php?id=649702"]
[Date "2009.9.9"]
[Round "3"]
[White "grimbeger"]
[Black "Bergman"]
[Result "1/2-1/2"]
[WhiteElo "2455"]
[BlackElo "2806"]

1. e4 c5 2. Nf3 d6 3. d4 cxd4 4. Nxd4 Nf6 5. Nc3 a6 6. Be3 Ng4 7. Bg5 h6 8. Bh4
g5 9. Bg3 Bg7 10. h3 Ne5 11. f3 Nbc6 12. Bf2 Ng6 13. Qd2 Qa5 14. O-O-O Be6 15.
Kb1 Nxd4 16. Bxd4 Bxd4 17. Qxd4 Qc5 18. Nd5 O-O-O 19. Ne3 Kb8 20. b3 Rc8 21. Kb2
h5 22. a4 h4 23. Bc4 Rhf8 24. Qxc5 Rxc5 25. Rd2 Rfc8 26. Rhd1 Ne5 27. Bd5 Ka7
28. Rd4 a5 29. R4d2 Ng6 30. c4 Nf4 31. Bxe6 fxe6 32. Nc2 Ka6 33. Ne1 R5c6 34.
Nd3 e5 35. Ne1 b6 36. Nc2 Kb7 37. Ne3 R6c7 38. Nd5 1/2-1/2

[Event "QA-ANNIV-05"]
[Site "http://www.queenalice.com/game.php?id=654503"]
[Date "2009.9.18"]
[Round "2"]
[White "grimbeger"]
[Black "berilag"]
[Result "1-0"]
[WhiteElo "2488"]
[BlackElo "1969"]

1. e4 e6 2. d4 c6 3. Nf3 Qc7 4. Bd3 d6 5. Qe2 Nd7 6. O-O h6 7. e5 d5 8. b3 a6 9.
c4 b6 10. Bb2 Bb7 11. Nc3 Be7 12. Rac1 Qd8 13. Rc2 Bg5 14. Nxg5 hxg5 15. Bc1 Rh4
16. cxd5 cxd5 17. Be3 b5 18. Rfc1 Kf8 19. g3 Rh6 20. Nxb5 axb5 21. Rc7 Bc8 22.
Bxg5 Qe8 23. Qd2 f6 24. Bxh6 Nxh6 25. Qc2 Ba6 26. Bg6 Nf7 27. Qc6 Ndxe5 28. Qc5+
Kg8 29. dxe5 Qf8 30. Bxf7+ Kh8 31. Qd4 1-0

[Event "AUTO-INT-1213"]
[Site "http://www.queenalice.com/game.php?id=680121"]
[Date "2009.11.9"]
[Round "2"]
[White "grimbeger"]
[Black "rdononato"]
[Result "1-0"]
[WhiteElo "2504"]
[BlackElo "2014"]

1. d4 Nf6 2. c4 g6 3. Nc3 Bg7 4. e4 d6 5. Nf3 O-O 6. Be2 Nc6 7. d5 Nb8 8. O-O c6
9. h3 cxd5 10. cxd5 Nbd7 11. Be3 a6 12. a4 Nb6 13. a5 Nbd7 14. Qc2 Re8 15. Rfd1
Nf8 16. Bb6 Qd7 17. Bc4 h6 18. Bb3 e5 19. dxe6 Nxe6 20. e5 Nf4 21. exf6 Bxf6 22.
Ra4 Nxg2 23. Qxg6+ Bg7 24. Bd4 1-0

[Event "AUTO-INT-1213"]
[Site "http://www.queenalice.com/game.php?id=680122"]
[Date "2009.11.9"]
[Round "2"]
[White "rdononato"]
[Black "grimbeger"]
[Result "0-1"]
[WhiteElo "2002"]
[BlackElo "2514"]

1. e4 e5 2. Nf3 Nc6 3. Bb5 a6 4. Bxc6 dxc6 5. d4 exd4 6. Qxd4 Qxd4 7. Nxd4 Bd7
8. Bf4 O-O-O 9. O-O Nf6 10. Nc3 Bb4 11. Nde2 Rhe8 12. f3 Bc5+ 13. Kh1 b5 14. a3
Be6 15. Rfd1 Bc4 16. Rxd8+ Rxd8 17. Bg5 h6 18. Bf4 Nh5 19. b3 Bxe2 20. Nxe2 Nxf4
21. Nxf4 Rd2 22. b4 Bd4 23. Rb1 Rxc2 24. h3 c5 25. bxc5 Bxc5 26. Nd3 Bxa3 27.
Kh2 Rd2 28. Rb3 Bd6+ 29. e5 c5 30. exd6 c4 31. Ra3 Rxd3 32. Rxa6 Kd7 33. Rb6 Rd5
34. Rb7+ Kxd6 35. Rxf7 c3 36. Ra7 c2 37. Ra6+ Kd7 0-1

[Event "AUTO-ELITE-352"]
[Site "http://www.queenalice.com/game.php?id=685271"]
[Date "2009.11.18"]
[Round "3"]
[White "Donidon"]
[Black "grimbeger"]
[Result "0-1"]
[WhiteElo "2334"]
[BlackElo "2505"]

1. e4 e5 2. f4 exf4 3. Nf3 g5 4. d4 g4 5. Ne5 Qh4+ 6. g3 fxg3 7. Qxg4 Qxg4 8.
Nxg4 d5 9. Ne3 dxe4 10. hxg3 Nc6 11. d5 Nd4 12. Bg2 Nf6 13. c3 Nf3+ 14. Bxf3
exf3 15. Kf2 Bd6 16. Nd2 Rg8 17. Ndf1 h5 18. Kxf3 Bd7 19. Bd2 O-O-O 20. c4 Rde8
21. Rh4 Rg4 22. Bc3 Rxh4 23. gxh4 Ne4 24. Bd4 f5 25. Rc1 b6 0-1

[Event "AUTO-ELITE-352"]
[Site "http://www.queenalice.com/game.php?id=685272"]
[Date "2009.11.18"]
[Round "3"]
[White "grimbeger"]
[Black "Donidon"]
[Result "1-0"]
[WhiteElo "2510"]
[BlackElo "2296"]

1. e4 e5 2. Nf3 Nc6 3. Bb5 a6 4. Ba4 Nf6 5. O-O b5 6. Bb3 Be7 7. Re1 O-O 8. c3
Bb7 9. d4 d6 10. Nbd2 exd4 11. cxd4 Na5 12. Bc2 c5 13. Nf1 Nc6 14. Ng3 cxd4 15.
Nxd4 Nxd4 16. Qxd4 Rc8 17. Bb3 a5 18. Nf5 a4 19. Bd5 Bxd5 20. exd5 Re8 21. Bg5
Rc4 22. Qd3 Bf8 23. b3 Rxe1+ 24. Rxe1 axb3 25. axb3 Rc5 26. b4 Rc4 27. Qf3 Qc8
28. Bxf6 gxf6 29. Qg3+ Kh8 30. Nxd6 1-0